[Event "Mittelfranken-chTB2a 1718"]
[Site "Mittelfranken"]
[Date "2017.11.19"]
[Round "3.3"]
[White "Belich, Walter"]
[Black "Horneber, Thomas"]
[Result "0-1"]
[WhiteElo "1877"]
[BlackElo "1867"]
[PlyCount "88"]
[EventDate "2017.10.08"]
[EventType "team-tourn"]
[EventRounds "9"]
[EventCountry "GER"]
[SourceTitle "EXT 2022"]
[Source "ChessBase"]
[SourceDate "2021.10.06"]
[SourceVersion "1"]
[SourceVersionDate "2021.10.06"]
[SourceQuality "1"]
[WhiteTeam "Nuernberg Sued SW IV"]
[BlackTeam "Heilsbronn"]
[WhiteTeamCountry "GER"]
[BlackTeamCountry "GER"]

1. Nf3 d5 2. g3 Nf6 3. Bg2 Bg4 4. h3 Bh5 5. g4 Bg6 6. Ne5 e6 7. Nxg6 hxg6 8. c4 c6 9. Qb3 Qc7 10. d4 Nbd7 11. Nc3 Bd6 12. c5 Be7 13. e4 dxe4 14. Nxe4 Nxe4 15. Bxe4 e5 16. Qg3 Qa5+ 17. Qc3 Qa4 18. Be3 Bxc5 19. dxc5 Qxe4 20. 0-0-0 Nf6 21. Bg5 Nd5 22. Qb3 0-0 23. Rhe1 Qb4 24. Qxb4 Nxb4 25. Be7 Rfe8 26. Rd7 Nd3+ 27. Rxd3 Rxe7 28. Red1 f5 29. Kd2 Kf7 30. Ke3 Rh8 31. Ke2 e4 32. Ra3 a6 33. Rg3 f4 34. Rb3 e3 35. Rd4 g5 36. Rdb4 Rxh3 37. Rxb7 Rh2 38. Rxe7+ Kxe7 39. Rb7+ Kf6 40. Rb6 Rxf2+ 41. Ke1 Ke5 42. Rxc6 Rxb2 43. Rg6 f3 44. c6 Rb1# 0-1

[Event "Mittelfranken-chTB2a 1617"]
[Site "Mittelfranken"]
[Date "2016.12.11"]
[Round "4.3"]
[White "Krisin, Joachim"]
[Black "Horneber, Thomas"]
[Result "1-0"]
[WhiteElo "1813"]
[BlackElo "1867"]
[PlyCount "91"]
[EventDate "2016.10.23"]
[EventType "team-tourn"]
[EventRounds "9"]
[EventCountry "GER"]
[SourceTitle "EXT 2022"]
[Source "ChessBase"]
[SourceDate "2021.10.06"]
[SourceVersion "1"]
[SourceVersionDate "2021.10.06"]
[SourceQuality "1"]
[WhiteTeam "Erlangen Siemens"]
[BlackTeam "Heilsbronn"]
[WhiteTeamCountry "GER"]
[BlackTeamCountry "GER"]

1. b3 e5 2. Bb2 d6 3. e3 Nf6 4. c4 Be7 5. Be2 0-0 6. d3 c6 7. Nf3 Bf5 8. 0-0 h6 9. Nc3 Nbd7 10. Rc1 Qa5 11. a3 Rad8 12. b4 Qc7 13. Qd2 Rfe8 14. Nh4 Bh7 15. f4 e4 16. dxe4 Nxe4 17. Nxe4 Bxe4 18. Nf3 Bf6 19. Rfe1 Qb6 20. Bd4 c5 21. Bxf6 Nxf6 22. Bd3 Qc6 23. b5 Qc8 24. Bxe4 Nxe4 25. Qa5 Qb8 26. Rcd1 b6 27. Qa6 Re7 28. Rd3 Rde8 29. Red1 Qc7 30. Qa4 Qc8 31. Qb3 Qg4 32. a4 g5 33. fxg5 Nxg5 34. Nxg5 hxg5 35. Rf1 d5 36. cxd5 c4 37. Qb4 Rxe3 38. Rxe3 Rxe3 39. Qd6 Re2 40. Qd8+ Kg7 41. Qf6+ Kg8 42. Qxf7+ Kh8 43. Qf8+ Kh7 44. Rf7+ Kg6 45. Qg8+ Kh6 46. Rh7# 1-0

[Event "Mittelfranken-chTB2a 1415"]
[Site "Mittelfranken"]
[Date "2015.04.19"]
[Round "9.3"]
[White "Ross, Sandra"]
[Black "Horneber, Thomas"]
[Result "1/2-1/2"]
[WhiteElo "1737"]
[BlackElo "1898"]
[PlyCount "73"]
[EventDate "2014.09.28"]
[EventType "team-tourn"]
[EventRounds "9"]
[EventCountry "GER"]
[SourceTitle "EXT 2020"]
[Source "ChessBase"]
[SourceDate "2019.10.17"]
[SourceVersion "1"]
[SourceVersionDate "2019.10.17"]
[SourceQuality "1"]
[WhiteTeam "Buechenbach/Roth II"]
[BlackTeam "Heilsbronn"]
[WhiteTeamCountry "GER"]
[BlackTeamCountry "GER"]

1. e4 d6 2. d4 Nf6 3. Nc3 e5 4. dxe5 dxe5 5. Qxd8+ Kxd8 6. Bc4 Ke8 7. Nf3 Bd6 8. Be3 Nbd7 9. 0-0-0 a6 10. Ne1 Ng4 11. Nd5 b5 12. Be2 Nxe3 13. Nxe3 Nf6 14. f3 Be6 15. c4 Bc5 16. Nd5 Bxd5 17. cxd5 Ke7 18. Nd3 Nd7 19. Nxc5 Nxc5 20. Kd2 Nb7 21. Rc1 c5 22. dxc6 Rhd8+ 23. Ke3 Nd6 24. Rc5 f6 25. Rhc1 Ra7 26. g3 Rc7 27. f4 exf4+ 28. gxf4 g6 29. a4 Rb8 30. axb5 axb5 31. Ra1 h5 32. Rac1 Nc4+ 33. Bxc4 bxc4 34. R1xc4 Rxb2 35. Rc2 Rb3+ 36. R2c3 Rb2 37. Rc2 1/2-1/2

[Event "Mittelfranken-chTB2a 1415"]
[Site "Mittelfranken"]
[Date "2014.12.14"]
[Round "4.3"]
[White "Lutz, Astrid"]
[Black "Horneber, Thomas"]
[Result "1-0"]
[WhiteElo "1770"]
[BlackElo "1898"]
[PlyCount "79"]
[EventDate "2014.09.28"]
[EventType "team-tourn"]
[EventRounds "9"]
[EventCountry "GER"]
[SourceTitle "EXT 2020"]
[Source "ChessBase"]
[SourceDate "2019.10.17"]
[SourceVersion "1"]
[SourceVersionDate "2019.10.17"]
[SourceQuality "1"]
[WhiteTeam "Bechhofen II"]
[BlackTeam "Heilsbronn"]
[WhiteTeamCountry "GER"]
[BlackTeamCountry "GER"]

1. c4 d6 2. Nc3 e5 3. g3 g6 4. Bg2 Bg7 5. e3 Nc6 6. Nge2 Nge7 7. 0-0 0-0 8. d4 exd4 9. exd4 Bg4 10. f3 Bd7 11. Bg5 Qc8 12. d5 Ne5 13. Bxe7 Re8 14. Bg5 Nxc4 15. Qc2 h6 16. Bf4 g5 17. Bc1 Bf5 18. Ne4 Nb6 19. Qb3 Re5 20. N2c3 Bh3 21. Be3 Bxg2 22. Kxg2 f5 23. Bd4 fxe4 24. Bxe5 exf3+ 25. Rxf3 Bxe5 26. Raf1 Qd7 27. a4 a5 28. Nb5 Re8 29. Rc1 Na8 30. Rf2 Rf8 31. Rxf8+ Kxf8 32. Rc2 c6 33. dxc6 bxc6 34. Qf3+ Kg7 35. Rxc6 d5 36. Ra6 Nc7 37. Ra7 Kg6 38. Nxc7 Bxc7 39. Qd3+ Kh5 40. Qc2 1-0

[Event "Mittelfranken-chTB2a 1415"]
[Site "Mittelfranken"]
[Date "2014.11.16"]
[Round "3.2"]
[White "Horneber, Thomas"]
[Black "Zeltner, Ottmar"]
[Result "1/2-1/2"]
[WhiteElo "1898"]
[BlackElo "1838"]
[PlyCount "58"]
[EventDate "2014.09.28"]
[EventType "team-tourn"]
[EventRounds "9"]
[EventCountry "GER"]
[SourceTitle "EXT 2020"]
[Source "ChessBase"]
[SourceDate "2019.10.17"]
[SourceVersion "1"]
[SourceVersionDate "2019.10.17"]
[SourceQuality "1"]
[WhiteTeam "Heilsbronn"]
[BlackTeam "Rothenburg"]
[WhiteTeamCountry "GER"]
[BlackTeamCountry "GER"]

1. d4 e6 2. Nf3 Nf6 3. e3 c5 4. Bd3 Nc6 5. 0-0 d5 6. b3 cxd4 7. exd4 Bd6 8. Bb2 0-0 9. Nbd2 b6 10. a3 Bb7 11. Ne5 Qc7 12. f4 Rad8 13. Qf3 Ne7 14. Rae1 Ne4 15. Nxe4 dxe4 16. Bxe4 Bxe4 17. Qxe4 Nd5 18. c4 Nf6 19. Qf3 Nd7 20. Qg4 a5 21. Rc1 f5 22. Qe2 Nf6 23. Nd3 Ne4 24. g3 Qe7 25. Nf2 Bxa3 26. Bxa3 Qxa3 27. Nxe4 fxe4 28. Qxe4 Qxb3 29. Qxe6+ Kh8 1/2-1/2

[Event "Nuremberg Zabo op 16th"]
[Site "Nuremberg"]
[Date "2014.09.21"]
[Round "5"]
[White "Horneber, Thomas"]
[Black "Wenninger, Philipp"]
[Result "0-1"]
[WhiteElo "1937"]
[BlackElo "2266"]
[PlyCount "73"]
[EventDate "2014.09.19"]
[EventType "swiss"]
[EventRounds "5"]
[EventCountry "GER"]
[SourceTitle "EXT 2018"]
[Source "ChessBase"]
[SourceDate "2017.10.13"]
[SourceVersion "1"]
[SourceVersionDate "2017.10.13"]
[SourceQuality "1"]

1. d4 d5 2. Nf3 Nf6 3. Bg5 e6 4. e3 h6 5. Bh4 c5 6. c3 Nc6 7. Nbd2 Be7 8. Bd3 cxd4 9. exd4 b6 10. 0-0 Bb7 11. Bg3 Bd6 12. Ne5 Qc7 13. Qe2 Bxe5 14. Bxe5 Nxe5 15. dxe5 Nd7 16. Rfe1 Nc5 17. Bb5+ Bc6 18. Bxc6+ Qxc6 19. Nf3 Rb8 20. Nd4 Qb7 21. Qg4 0-0 22. Re3 Rbe8 23. Rg3 f5 24. exf6 Rxf6 25. Re1 Qf7 26. Rf3 e5 27. Nf5 h5 28. Qh3 Ne4 29. Nh6+ gxh6 30. Rxf6 Qxf6 31. f3 Ng5 32. Qxh5 Rf8 33. h4 Nf7 34. c4 d4 35. Re4 Kh8 36. b3 Rg8 37. Kh1 0-1

[Event "Nuremberg Zabo op 16th"]
[Site "Nuremberg"]
[Date "2014.09.21"]
[Round "4"]
[White "Krauss, Josef"]
[Black "Horneber, Thomas"]
[Result "0-1"]
[WhiteElo "2097"]
[BlackElo "1937"]
[PlyCount "124"]
[EventDate "2014.09.19"]
[EventType "swiss"]
[EventRounds "5"]
[EventCountry "GER"]
[SourceTitle "EXT 2018"]
[Source "ChessBase"]
[SourceDate "2017.10.13"]
[SourceVersion "1"]
[SourceVersionDate "2017.10.13"]
[SourceQuality "1"]

1. e4 d6 2. d4 Nf6 3. Nc3 e5 4. Nf3 Nbd7 5. Bc4 Be7 6. 0-0 0-0 7. Re1 h6 8. a4 Re8 9. b3 c6 10. Bb2 Qc7 11. Nh4 Nf8 12. Nf5 Bxf5 13. exf5 d5 14. dxe5 dxc4 15. exf6 Bxf6 16. Qg4 Qa5 17. Qxc4 Qxf5 18. Qd3 Qxd3 19. cxd3 Rxe1+ 20. Rxe1 Rd8 21. Re3 Ne6 22. Kf1 Nc5 23. Nd1 Bxb2 24. Nxb2 Nxb3 25. Re7 Nc5 26. Ke2 Kf8 27. Rc7 Rb8 28. Nc4 Ne6 29. Rd7 Ke8 30. Rxb7 Rxb7 31. Nd6+ Kd7 32. Nxb7 Kc7 33. Na5 Nc5 34. d4 Nxa4 35. Kd3 Kd6 36. Ke4 Nc3+ 37. Kd3 Nd1 38. f3 Nb2+ 39. Kc3 Na4+ 40. Kd3 Kd5 41. Nc4 Nb6 42. Ne3+ Ke6 43. g3 a5 44. Nc2 Kd6 45. Ne3 Ke6 46. Nc2 g6 47. Ne3 f5 48. g4 f4 49. Nd1 Nd5 50. Nb2 Nb6 51. Kc3 a4 52. Nd3 g5 53. Ne5 c5 54. Nd3 cxd4+ 55. Kxd4 a3 56. Nb4 Nd5 57. Na2 Ne3 58. Kd3 Nf1 59. Ke2 Nxh2 60. Kf2 Kd5 61. Kg2 Nxg4 62. fxg4 Kc4 0-1

[Event "Nuremberg Zabo op 16th"]
[Site "Nuremberg"]
[Date "2014.09.19"]
[Round "1"]
[White "Oram, Thomas"]
[Black "Horneber, Thomas"]
[Result "0-1"]
[WhiteElo "1505"]
[BlackElo "1937"]
[PlyCount "56"]
[EventDate "2014.09.19"]
[EventType "swiss"]
[EventRounds "5"]
[EventCountry "GER"]
[SourceTitle "EXT 2018"]
[Source "ChessBase"]
[SourceDate "2017.10.13"]
[SourceVersion "1"]
[SourceVersionDate "2017.10.13"]
[SourceQuality "1"]

1. e4 d6 2. d4 Nf6 3. Bd3 e5 4. Nf3 Nc6 5. c3 Bg4 6. d5 Nb8 7. 0-0 Be7 8. Qa4+ Nbd7 9. Nbd2 0-0 10. Nc4 Bxf3 11. gxf3 Nb6 12. Qc2 Nxc4 13. Bxc4 Nh5 14. Kh1 Bg5 15. Bxg5 Qxg5 16. Rg1 Qf4 17. Qe2 Qf6 18. Rg4 Nf4 19. Qe3 Kh8 20. Rag1 g6 21. Bf1 Qe7 22. c4 b6 23. Qc3 f6 24. b4 a5 25. a3 axb4 26. axb4 Ra2 27. Qc1 Rfa8 28. Bg2 Nd3 0-1

[Event "Mittelfranken-chTB2a 1314"]
[Site "Mittelfranken"]
[Date "2014.01.26"]
[Round "5.4"]
[White "Horneber, Thomas"]
[Black "Mueller, Dieter"]
[Result "1-0"]
[WhiteElo "1898"]
[BlackElo "1561"]
[PlyCount "99"]
[EventDate "2013.10.20"]
[EventType "team-tourn"]
[EventRounds "9"]
[EventCountry "GER"]
[SourceTitle "EXT 2020"]
[Source "ChessBase"]
[SourceDate "2019.10.17"]
[SourceVersion "1"]
[SourceVersionDate "2019.10.17"]
[SourceQuality "1"]
[WhiteTeam "Heilsbronn"]
[BlackTeam "Dinkelsbuehl Wassertruedingen"]
[WhiteTeamCountry "GER"]
[BlackTeamCountry "GER"]

1. d4 d5 2. Nf3 c6 3. e3 Nf6 4. Bd3 Bg4 5. b3 e6 6. 0-0 Bd6 7. Bb2 Qc7 8. h3 Bh5 9. Nbd2 Nbd7 10. c4 Bb4 11. Qc2 Bg6 12. Ne5 Bxd3 13. Qxd3 0-0 14. Ndf3 Bd6 15. Nxd7 Qxd7 16. c5 Bc7 17. b4 Ne4 18. a4 a6 19. Rfb1 f5 20. Bc3 f4 21. Be1 fxe3 22. Qxe3 Bf4 23. Qe2 Rfe8 24. g3 Bc7 25. Ne5 Bxe5 26. dxe5 Rf8 27. h4 Qf7 28. Kg2 Qf5 29. f3 Qxe5 30. fxe4 dxe4 31. Ra3 Rad8 32. Re3 Rf7 33. Qg4 Rd3 34. Rxe4 Qf6 35. Rf4 Qe5 36. Rxf7 Kxf7 37. Qf4+ Qxf4 38. gxf4 Kf6 39. Rb2 Kf5 40. Re2 g6 41. Re5+ Kf6 42. Kf2 h5 43. Re3 Rd5 44. a5 Kf5 45. Kf3 Kf6 46. Bc3+ Kf7 47. Ke2 Rf5 48. Be5 Ke8 49. Rg3 Kf7 50. Rg1 1-0

[Event "Nuremberg Zabo op 15th"]
[Site "Nuremberg"]
[Date "2013.09.21"]
[Round "2"]
[White "Schnepp, Gunnar"]
[Black "Horneber, Thomas"]
[Result "1-0"]
[WhiteElo "2276"]
[BlackElo "1921"]
[PlyCount "83"]
[EventDate "2013.09.20"]
[EventType "swiss"]
[EventRounds "5"]
[EventCountry "GER"]
[SourceTitle "EXT 2016"]
[Source "ChessBase"]
[SourceDate "2015.10.08"]
[SourceVersion "1"]
[SourceVersionDate "2015.10.08"]
[SourceQuality "1"]

1. Nf3 d6 2. e4 Nf6 3. Nc3 e5 4. d4 Nbd7 5. Bc4 Be7 6. 0-0 0-0 7. Qe2 c6 8. a4 b6 9. Rd1 Qc7 10. Ba2 h6 11. h3 a5 12. Nh4 Ba6 13. Qe3 Nh7 14. Ng6 Rfe8 15. dxe5 Nxe5 16. Nxe7+ Rxe7 17. Qd4 Rd7 18. Bf4 Rad8 19. Rab1 Nf6 20. b4 axb4 21. Qxb4 Rb8 22. a5 c5 23. Qa4 b5 24. Nxb5 Qc6 25. Nc3 Rxb1 26. Bxb1 Qxa4 27. Nxa4 Nc4 28. f3 Rb7 29. Ba2 Rb4 30. Nc3 Ne8 31. Ra1 g5 32. Bc1 Kf8 33. Nd5 Ra4 34. h4 Nxa5 35. Nc3 Rd4 36. Bd5 Bc4 37. Rxa5 Bxd5 38. exd5 Rc4 39. Bd2 Rxh4 40. Ne4 f5 41. g3 Rh5 42. Nf2 1-0

[Event "Mittelfranken-chTB2a 1213"]
[Site "Germany"]
[Date "2012.12.16"]
[Round "5.3"]
[White "Horneber, Thomas"]
[Black "Margraf, Christoph"]
[Result "0-1"]
[WhiteElo "1948"]
[BlackElo "1931"]
[PlyCount "86"]
[EventDate "2012.10.07"]
[EventType "team-tourn"]
[EventRounds "9"]
[EventCountry "GER"]
[SourceTitle "EXT 2019"]
[Source "ChessBase"]
[SourceDate "2018.10.10"]
[SourceVersion "1"]
[SourceVersionDate "2018.10.10"]
[SourceQuality "1"]
[WhiteTeam "Heilsbronn"]
[BlackTeam "Ansbach"]
[WhiteTeamCountry "GER"]
[BlackTeamCountry "GER"]

1. d4 Nf6 2. Nf3 e6 3. e3 b6 4. Bd3 Bb7 5. Nbd2 Be7 6. 0-0 0-0 7. Re1 c5 8. c3 d6 9. e4 Nbd7 10. Qe2 e5 11. d5 a6 12. a4 Nh5 13. g3 g6 14. Nf1 f5 15. c4 f4 16. Bd2 a5 17. Qd1 Bc8 18. Be2 Ndf6 19. Qc2 Nxe4 20. Nxe5 Nxf2 21. Nc6 Qd7 22. Bxh5 Bf6 23. Bc3 fxg3 24. hxg3 gxh5 25. Bxf6 Rxf6 26. Re7 Qf5 27. Re8+ Kf7 28. Qxf5 Rxf5 29. Rae1 Nh3+ 30. Kh1 Rxf1+ 31. Rxf1+ Kxe8 32. Re1+ Kf7 33. Re7+ Kg6 34. Re8 Bb7 35. Re6+ Kg5 36. Kg2 Rf8 37. Kxh3 Bc8 38. Kg2 Bxe6 39. dxe6 Kf6 40. e7 Rc8 41. Kf3 Kf7 42. Na7 Rc7 43. Nb5 Rxe7 0-1

[Event "Nuremberg Zabo op 14th"]
[Site "Nuremberg"]
[Date "2012.09.15"]
[Round "3"]
[White "Horneber, Thomas"]
[Black "Wagner, Florian"]
[Result "0-1"]
[WhiteElo "1952"]
[BlackElo "2174"]
[PlyCount "78"]
[EventDate "2012.09.14"]
[EventType "swiss"]
[EventRounds "5"]
[EventCountry "GER"]
[SourceTitle "EXT 2018"]
[Source "ChessBase"]
[SourceDate "2017.10.13"]
[SourceVersion "1"]
[SourceVersionDate "2017.10.13"]
[SourceQuality "1"]

1. d4 Nf6 2. Nf3 e6 3. e3 b6 4. Bd3 Bb7 5. Nbd2 Be7 6. 0-0 0-0 7. b3 d6 8. Bb2 Nbd7 9. c4 c5 10. Re1 Rc8 11. Rc1 Rc7 12. e4 cxd4 13. Nxd4 a6 14. N4f3 Qa8 15. Qe2 Rd8 16. Bb1 Ng4 17. Nd4 Nde5 18. f4 Ng6 19. g3 Bf6 20. N2f3 e5 21. fxe5 N4xe5 22. Ba3 Nxf3+ 23. Nxf3 Re7 24. Qe3 Rde8 25. Nd2 Re6 26. Qxb6 d5 27. Qf2 dxe4 28. Bc5 h5 29. Be3 h4 30. Rf1 hxg3 31. hxg3 a5 32. c5 Ne5 33. Qf4 Nd3 34. Bxd3 exd3 35. Rce1 Qd8 36. Rf2 Qd5 37. Rh2 Rxe3 38. Rxe3 Rxe3 39. Qb8+ Bd8 0-1

[Event "Mittelfranken-chTB1 1112"]
[Site "Germany"]
[Date "2011.10.23"]
[Round "2.1"]
[White "Bunk, Karsten"]
[Black "Horneber, Thomas"]
[Result "1-0"]
[WhiteElo "2023"]
[BlackElo "1957"]
[PlyCount "141"]
[EventDate "2011.09.25"]
[EventType "team-tourn"]
[EventRounds "9"]
[EventCountry "GER"]
[SourceTitle "EXT 2013"]
[Source "ChessBase"]
[SourceDate "2012.11.22"]
[SourceVersion "1"]
[SourceVersionDate "2012.11.22"]
[SourceQuality "1"]
[WhiteTeam "Nuernberg Sued SW II"]
[BlackTeam "Heilsbronn"]
[WhiteTeamCountry "GER"]
[BlackTeamCountry "GER"]

1. c4 d6 2. g3 e5 3. Bg2 g6 4. Nc3 Nc6 5. d3 Bg7 6. Rb1 f5 7. e4 Nd4 8. Nge2 Nxe2 9. Qxe2 Ne7 10. Bg5 c6 11. 0-0 h6 12. Be3 0-0 13. f4 Be6 14. Rfd1 Qc7 15. d4 exf4 16. Bxf4 g5 17. Be3 fxe4 18. Nxe4 Bf5 19. Rbc1 Rae8 20. Qd2 Bxe4 21. Bxe4 Nf5 22. Bxf5 Rxf5 23. Rf1 Qf7 24. Rxf5 Qxf5 25. b3 Qe4 26. Rc3 Qb1+ 27. Rc1 Qe4 28. Bf2 Qg4 29. d5 c5 30. Qd3 Qe4 31. Qxe4 Rxe4 32. Re1 Rxe1+ 33. Bxe1 Kf7 34. g4 Be5 35. h3 Kf6 36. Kg2 Bb2 37. Kf3 b5 38. Ke4 bxc4 39. bxc4 Be5 40. Ba5 a6 41. Bb6 Bg3 42. Bd8+ Kg6 43. Kd3 Be5 44. Kc2 Kf7 45. Kb3 Ke8 46. Ba5 Bf6 47. Ka4 Kd7 48. Be1 Kc7 49. Bg3 Bc3 50. Kb3 Bf6 51. Kc2 Kd7 52. Kd3 Be7 53. Ke4 Ke8 54. Kf5 Kf7 55. Be1 Bf6 56. Ba5 Bb2 57. Bc7 Be5 58. Bd8 Bb2 59. h4 gxh4 60. Bxh4 Be5 61. Bf2 Bh2 62. Be3 Kg7 63. Ke6 Kg6 64. Kd7 h5 65. gxh5+ Kxh5 66. Kc6 Kg6 67. Kb6 Kf5 68. Kxa6 Ke4 69. Bh6 Kd4 70. Kb5 Be5 71. a4 1-0

[Event "Mittelfranken-chTB1 1011"]
[Site "Germany"]
[Date "2011.04.03"]
[Round "8.2"]
[White "Horneber, Thomas"]
[Black "Adler, Herbert"]
[Result "1-0"]
[WhiteElo "1900"]
[BlackElo "1921"]
[PlyCount "49"]
[EventDate "2010.09.26"]
[EventType "team-tourn"]
[EventRounds "9"]
[EventCountry "GER"]
[SourceTitle "EXT 2012"]
[Source "ChessBase"]
[SourceDate "2011.11.24"]
[SourceVersion "1"]
[SourceVersionDate "2011.11.24"]
[SourceQuality "1"]
[WhiteTeam "Heilsbronn"]
[BlackTeam "Buechenbach/Roth"]
[WhiteTeamCountry "GER"]
[BlackTeamCountry "GER"]

1. d4 d5 2. Nf3 Nf6 3. e3 e6 4. Bd3 Nbd7 5. 0-0 c5 6. b3 Be7 7. Bb2 0-0 8. Nbd2 b6 9. Ne5 Bb7 10. Qf3 Rc8 11. Qh3 g6 12. Ndf3 Ne4 13. Nxd7 Qxd7 14. dxc5 Bxc5 15. Qh6 f6 16. Rad1 Qe7 17. c4 Bb4 18. Bxe4 dxe4 19. Nd4 a6 20. Nc2 Bd6 21. Rd2 Rfd8 22. Rfd1 Bc7 23. Ba3 Qe8 24. Nd4 e5 25. Ne6 1-0